| 000 | 00557nam a22001817a 4500 | ||
|---|---|---|---|
| 005 | 20231103061406.0 | ||
| 008 | 231103b |||||||| |||| 00| 0 eng d | ||
| 020 | _a070211359 ; 0702113603 | ||
| 041 | _aEnglish | ||
| 082 | _a346.6 GIB | ||
| 100 |
_aGibson, JTR _lEnglish |
||
| 245 |
_aSouth African Mercantile and Company Law _cJTR Gibson |
||
| 250 | _aFifth Edition | ||
| 260 |
_aCape Town : _bJuta and Company Limited, _c1983 |
||
| 300 |
_bxl, 668 pages ; _c26 cm. |
||
| 650 |
_aLegal practice _bLaw |
||
| 942 |
_cBK _6ALISON_BN_VRIES |
||
| 999 |
_c268 _d268 |
||